000 00666nam1a22002411i 4500
001 RU\NLR\INFOCOMM_116\5000057493
005 20240726100759.0
035 _a(NLR Aleph) 009067769
090 _a7903657
_c7903657
100 _a20081021d1898 m y0rusy50 ba
101 0 _ager
102 _aRU
105 _a||||z |||||
200 1 _aArchiv der Familie von Stackelberg
210 _aSt. Petersburg
_cBuchdruck. der St. Petersburger Zeitung
_d1898
215 _d23 см
722 _aStackelberg, von
_4570
801 1 _aRU
_bNLR
_c20081021
801 0 _aRU
_bNLR
_gPSBO
852 _aNLR
_jИр17 Б-5/2-1
852 _aNLR
_j12.LIIIа.9.60
942 _cBOOK